Types of agricultural enterprises in the high production region in Slovakia (sample area of the Nitra district)

Zhodnotenie fyzicko-geografických faktorov pre lokalizáciu agrovýroby v okrese Nitra. Typizácia najvýznamnejších agrosubjektov podľa vybraných ekonomických ukazovateľov, ako sú ekonomická výkonnosť, produktivita práce a relatívna zamestnanosť. Uvedené ukazovatele najlepšie vyjadrujú ekonomickú silu...

Descrizione completa

Salvato in:
Dettagli Bibliografici
Autore principale: Némethová, Jana
Natura: Capitolo di libro
Lingua:inglese
Soggetti:
Tags: Aggiungi Tag
Nessun Tag, puoi essere il primo ad aggiungerne!!

MARC

LEADER 00000naa$a2200000$$$4500
001 0111760
005 20231129065835.6
041 0 |a eng 
044 |a CZ 
245 1 0 |a Types of agricultural enterprises in the high production region in Slovakia (sample area of the Nitra district)  |c Jana Némethová 
520 |a Zhodnotenie fyzicko-geografických faktorov pre lokalizáciu agrovýroby v okrese Nitra. Typizácia najvýznamnejších agrosubjektov podľa vybraných ekonomických ukazovateľov, ako sú ekonomická výkonnosť, produktivita práce a relatívna zamestnanosť. Uvedené ukazovatele najlepšie vyjadrujú ekonomickú silu agrosubjektov a ich úspešnosť hospodárenia na pôde. 
610 2 0 |a regióny 
610 2 0 |a Slovensko 
610 2 0 |a poľnohospodárstvo 
610 2 0 |a výkonnosť ekonomiky 
610 2 0 |a produktivita práce 
610 2 0 |a zamestnanosť 
100 1 |a Némethová, Jana